| 000 -LEADER |
| fixed length control field |
00632nam a22002177a 4500 |
| 008 - FIXED-LENGTH DATA ELEMENTS--GENERAL INFORMATION |
| fixed length control field |
191017b ||||| |||| 00| p eng d |
| 020 ## - INTERNATIONAL STANDARD BOOK NUMBER |
| International Standard Book Number |
9758059785 |
| 041 ## - LANGUAGE CODE |
| Language code of text/sound track or separate title |
Türkçe |
| 100 ## - MAIN ENTRY--PERSONAL NAME |
| 9 (RLIN) |
1748 |
| Personal name |
Öktem, Kaya |
| 245 ## - TITLE STATEMENT |
| Title |
Hayalleri Sürükledik Peşimizden |
| Statement of responsibility, etc. |
Reyhan Öktem, Ender Tunç, Sami Bağcı, KPT |
| 250 ## - EDITION STATEMENT |
| Edition statement |
1.Baskı |
| 260 ## - PUBLICATION, DISTRIBUTION, ETC. |
| Place of publication, distribution, etc. |
İstanbul: |
| Name of publisher, distributor, etc. |
Hera Şiir Kitaplığı |
| Date of publication, distribution, etc. |
Aralık 2001 |
| 300 ## - PHYSICAL DESCRIPTION |
| Extent |
232 Sayfa |
| 500 ## - GENERAL NOTE |
| General note |
Şiirimsi ; 2 |
| 650 #0 - SUBJECT ADDED ENTRY--TOPICAL TERM |
| 9 (RLIN) |
145 |
| Topical term or geographic name entry element |
Türk Edebiyatı |
| 700 ## - ADDED ENTRY--PERSONAL NAME |
| 9 (RLIN) |
1749 |
| Personal name |
Öktem, Reyhan |
| 700 ## - ADDED ENTRY--PERSONAL NAME |
| 9 (RLIN) |
1752 |
| Personal name |
KPT |
| 700 ## - ADDED ENTRY--PERSONAL NAME |
| 9 (RLIN) |
1751 |
| Personal name |
Bağcı, Sami |
| 700 ## - ADDED ENTRY--PERSONAL NAME |
| 9 (RLIN) |
1750 |
| Personal name |
Tunç, Ender |
| 942 ## - ADDED ENTRY ELEMENTS (KOHA) |
| Source of classification or shelving scheme |
|
| Koha item type |
Books |